[Event "Metz op 30th"]
[Site "Metz"]
[Date "2012.04.17"]
[Round "5"]
[White "Solodovnichenko, Yuri"]
[Black "Bernadskiy, Vitaliy"]
[Result "1-0"]
[WhiteElo "2615"]
[BlackElo "2464"]
[Annotator "Metz Alekhine/Primel,D"]
[PlyCount "71"]
[EventDate "2012.04.14"]
[EventType "swiss"]
[EventRounds "9"]
[EventCountry "FRA"]
[SourceTitle "EXT 2013"]
[Source "ChessBase"]
[SourceDate "2012.11.22"]
[SourceVersion "1"]
[SourceVersionDate "2012.11.22"]
[SourceQuality "1"]

1. e4 {01h30} c5 2. Nf3 e6 3. d4 cxd4 4. Nxd4 Nc6 5. Nc3 Qc7 6. Be3 a6 7. Qd2
Nf6 8. O-O-O Bb4 9. f3 Ne5 10. Nb3 b5 (10... d5 $5) 11. Qe1 (11. Qf2 O-O 12.
Bb6 Qb8 13. Bc5 Bxc5 14. Qxc5 Bb7 15. Qd6 Rc8 16. Be2 Ne8 17. Qxb8 Raxb8 18. a3
Kf8 19. Rd4 Ke7 20. Rhd1 d6 21. Na5 Nc6 22. Nxc6+ Bxc6 23. Kb1 Rd8 24. Na2 Nc7
25. Nb4 Bb7 26. R4d3 e5 27. Bf1 Ne6 28. R3d2 Nc5 29. b3 g6 30. Nd3 Bc6 31. Nxc5
dxc5 32. Rxd8 Rxd8 33. Rxd8 Kxd8 34. Kc1 Kc7 35. c3 Kd6 36. Kd2 Bd7 37. Ke3 Be6
38. b4 cxb4 {1/2-1/2 (38) Quesada Perez,Y (2595)-Robson,R (2615) Campinas 2013}
) 11... Be7 12. f4 Ng6 13. e5 Ng4 14. Bd2 (14. Ne4) 14... Bb7 15. Bd3 O-O (
15... Rc8) 16. Qe2 {94 Les Blancs ont joué а tempo l'ouverture} f5 17. a3 {91}
Rac8 18. Kb1 $146 (18. h3 Nh6 19. Rhf1 b4 20. axb4 Bxb4 21. Bxa6 Bxa6 22. Qxa6
d6 23. Kb1 Nf7 24. Nd4 Ra8 25. Nxe6 Qe7 26. Nd5 Qxe6 27. Qc4 Rfc8 28. Nf6+ Qxf6
29. Qxc8+ Rxc8 30. exf6 Bxd2 31. Rxd2 gxf6 32. Rd4 Re8 33. b4 Re4 34. Rxe4 fxe4
35. c4 Ne7 36. b5 Nd8 37. Kc2 Kf7 38. Ra1 h5 39. b6 Nec6 40. Ra7+ Ke6 41. g4
hxg4 42. hxg4 d5 43. g5 fxg5 44. fxg5 Ne5 45. Ra8 Nb7 46. cxd5+ Kxd5 47. Rg8
Kc5 {Campian,C (2320)-Troia,E (2273) ICCF email 2007 1/2-1/2}) 18... Nh4 19. h3
Nh6 20. Rhg1 {87} Nf7 21. Rdf1 {87} d6 22. exd6 {53 Fin de la préparation des
Blancs!} Qxd6 23. g3 Ng6 24. Re1 Nd8 25. h4 $36 {[%csl Rg6][%cal Gh4h5] 47} Bf6
26. h5 Ne7 27. g4 Rf7 28. Nxb5 $1 {Evite le coup intermédiaire Bf6c3} axb5 29.
g5 $40 Bc3 {Quand même!} 30. g6 (30. Bxc3 Rxc3 31. bxc3 Qxa3) 30... hxg6 31.
hxg6 Nxg6 32. Rxg6 Bxd2 33. Qxd2 Qd7 34. Reg1 Qd5 35. Qh2 Rd7 36. Qh4 1-0

[Event "EU-ch 19th"]
[Site "Batumi"]
[Date "2018.03.21"]
[Round "5"]
[White "Saric, Ivan"]
[Black "Bosiocic, Marin"]
[Result "1-0"]
[WhiteElo "2657"]
[BlackElo "2611"]
[Annotator "Mikhalchishin,A"]
[PlyCount "53"]
[EventDate "2018.03.17"]
[EventType "swiss"]
[EventRounds "11"]
[EventCountry "GEO"]
[SourceTitle "CBM 184"]
[Source "ChessBase"]
[SourceDate "2018.05.16"]
[SourceVersion "1"]
[SourceVersionDate "2018.05.16"]
[SourceQuality "1"]

{This was the best game of the new champion. He used here his old weapon
against the Paulsen.} 1. e4 c5 2. Nf3 e6 3. d4 cxd4 4. Nxd4 Nc6 5. Nc3 Qc7 6.
Be3 a6 7. Qd2 Nf6 8. O-O-O Bb4 9. f3 O-O (9... Ne5 10. Nb3 b5 11. Qe1 Be7 12.
f4 Ng6 13. e5 Ng4 14. Ne4 O-O 15. Bc5 Bb7 16. h3 Nh6 17. Bxe7 Nxe7 18. Bd3 Nd5
19. Qd2 f6 20. exf6 Nxf6 21. Rhe1 Nf5 22. Nec5 {Saric,I (2637)-Djukic,N (2486)
Sarajevo 2011, with a serious advantage.}) 10. g4 b5 11. g5 Nh5 12. Kb1 Rb8 13.
Nxc6 dxc6 ({A big advantage in the endgame will come after} 13... Qxc6 14. Bh3
Bxc3 15. Qxc3 Qxc3 16. bxc3) 14. f4 ({Not the overactive} 14. e5 $6 Bb7 15. a3
Rfd8 16. Bd3 Be7 17. Qf2 c5 18. Rhe1 Ba8 19. f4 b4 20. axb4 cxb4 21. Na4 b3 22.
Bb6 bxc2+ 23. Bxc2 Rxd1+ 24. Rxd1 Qc4 {Al Modiahki,M (2585)-Ashwin,J (2413)
Subic Bay 2009, with sharp play.}) 14... c5 ({Another option is possible too:} 
14... e5 15. f5 Bb7 16. Be2 Nf4 17. Bf3 c5 18. Qd6 Qxd6 19. Rxd6 c4 20. Rdd1 {
Short,N (2706)-Satyapragyan,S (2439) Kolkata 2009, with a slight edge.}) 15.
Be2 g6 16. Bxh5 gxh5 17. f5 Bb7 18. g6 $5 {It looks logical and human to open
the king position, but the engine way is a bit strange:} (18. Bf4 e5 19. Bg3
Bxe4 20. Rhf1 {with advantage.}) 18... fxg6 19. fxg6 Bxc3 $6 ({White kept
better chances after} 19... hxg6 20. Qg2 Bxc3 21. bxc3 Rf6 22. Qg5) 20. gxh7+
Kxh7 21. Qxc3 Bxe4 22. Rhg1 Rf5 ({A strong attack was developed after} 22...
Rf3 23. Rg5 Bg6 24. Rxc5 Qg7 25. Rc7 Rf7 26. Rxf7 Qxf7 27. Bc1) 23. Bc1 $1 {
A beautiful technical idea to coordinate an attack by the queen and bishop
battery.} Rf3 24. Qd2 Kh8 25. b3 $1 {The bishop can work on both diagonals!}
Rbf8 26. Qh6+ Bh7 (26... Qh7 27. Bb2+) 27. Rd7 $1 {The win is possible in many
ways.} (27. Bb2+ e5 28. Rde1 $18) 1-0

[Event "EU-Cup 34th"]
[Site "Porto Carras"]
[Date "2018.10.14"]
[Round "3.1"]
[White "Pruijssers, Roeland"]
[Black "Chigaev, Maksim"]
[Result "0-1"]
[WhiteElo "2501"]
[BlackElo "2599"]
[Annotator "Mikhalchishin,A"]
[PlyCount "54"]
[EventDate "2018.10.12"]
[EventType "team-swiss"]
[EventRounds "7"]
[EventCountry "GRE"]
[SourceTitle "CBM 187"]
[Source "ChessBase"]
[SourceDate "2018.12.11"]
[SourceVersion "1"]
[SourceVersionDate "2018.12.11"]
[SourceQuality "1"]
[WhiteTeam "Amaytos"]
[BlackTeam "Molodezhka"]
[WhiteTeamCountry "BEL"]
[BlackTeamCountry "RUS"]

1. e4 c5 2. Nf3 e6 3. d4 cxd4 4. Nxd4 Nc6 5. Nc3 Qc7 6. Be3 a6 {A very modern
line nowadays.} 7. Qf3 Bd6 8. O-O-O Be5 9. g3 ({An interesting idea is} 9. Nde2
Nf6 (9... Nge7) 10. g4 d5 11. Bg2 dxe4 12. Nxe4 Nd5 13. Kb1 Ncb4 14. Bc5 f5 15.
Qb3 a5 16. gxf5 a4 17. Qa3 exf5 18. Rxd5 Nxd5 19. Nd6+ Bxd6 20. Bxd6 Qc4 21.
Rd1 {with a serious attack, Morozevich,A (2676)-Ivanisevic,I (2611) Ruma 2017.}
) 9... Nge7 ({After the seemingly more direct} 9... Nf6 10. Qe2 d6 11. Qd2 Ng4
12. Nxc6 bxc6 (12... Qxc6 13. Bd4) 13. Bd4 d5 14. f4 (14. Bh3 Bxd4 15. Qxd4 Nf6
16. Qc5 Nd7 17. Qa3 $16) 14... Bxd4 15. Qxd4 Nf6 16. Qc5 Nd7 17. Qa3 Bb7 18.
Bg2 Nf6 19. Rhe1 {Black faces serious problems, Leko,P (2693)-Bosiocic,M (2591)
Doha 2016.}) 10. Qe2 ({Following} 10. Bg2 O-O 11. Qe2 b5 12. f4 Nxd4 13. Bxd4
Bxd4 14. Rxd4 Rb8 15. Rhd1 Qa5 16. a3 Nc6 17. R4d3 b4 18. Nb1 e5 {Black got
nice chances, Frolyanov,D (2576)-Chigaev,M (2555) Khanty-Mansiysk RUS 2017})
10... b5 {The usual Sicilian-like move.} ({Also tried here were} 10... Nxd4 11.
Bxd4 Bxd4 12. Rxd4 b5 13. Bg2 Nc6 14. Rd2 O-O 15. Rhd1 Qa5 16. Qh5 d5 17. exd5
b4 18. Nb1 b3 19. axb3 Nb4 20. c3 Na2+ 21. Kc2 Qc5 22. Qh4 {with advantage,
Bacrot,E (2696)-Gelashvili,T (2563) Minsk 2017.}) ({Or} 10... O-O 11. f4 Bxd4
12. Bxd4 Nxd4 13. Rxd4 e5 14. Rd1 exf4 15. e5 f3 16. Qxf3 Qxe5 17. Bg2 d6 18.
Rhe1 Qg5+ 19. Kb1 Be6 (19... Bg4 20. Qxb7 Bxd1 21. Qxe7) 20. Qxb7 d5 21. Nxd5
Nxd5 22. Bxd5 {The white pieces are much better placed, Caruana,F (2813)
-Movsesian,S (2677) Douglas 2016.}) 11. Qd2 ({Or the more direct} 11. f4 Nxd4
12. Bxd4 Bxd4 13. Rxd4 Rb8 14. e5 Bb7 15. Bg2 Bxg2 16. Qxg2 b4 17. Ne4 O-O 18.
Nd6 Qa5 19. Kb1 Nd5 {with a complicated position, Leko,P (2690)-Hoffmann,M 
(2441), ECC 2018.}) 11... Nxd4 ({To White's advantage would be} 11... Bb7 12.
Nf3 Bxc3 13. Qxc3 O-O 14. Bc5) 12. Bxd4 Bxd4 13. Qxd4 O-O 14. Bg2 Rd8 15. e5 $2
({White could secure a small advantage after swapping queens:} 15. Qd6 Qxd6 16.
Rxd6 Bb7 17. Rhd1 Bc6 18. Ne2 Re8 19. R6d2 d5 20. exd5 Bxd5 21. Nf4) 15... Bb7
16. Bxb7 Qxb7 17. Ne4 Nd5 18. h4 Qc6 19. Nd6 a5 {Now the question is simple -
which knight is stronger and can support one's own attack.} 20. Kb1 ({In such
a position nobody would go for repetition:} 20. h5 a4 21. a3 b4 22. Qc4 bxa3
23. bxa3 Qb6 24. Qd4 Qc6 25. Qc4) 20... b4 21. h5 a4 22. h6 a3 $1 {Suddenly it
has become clear that Black's attack is faster!} 23. hxg7 $2 ({The only chance
was to exchange the opponent's most dangerous pieces:} 23. Qc4 Qxc4 24. Nxc4
axb2 25. Kxb2 g6 26. Rd3 Kf8 27. Ne3) 23... axb2 24. Ne4 Rxa2 $3 25. c4 (25.
Kxa2 Qxc2 {with several mating threats.}) 25... Qa4 26. cxd5 Ra1+ 27. Kxb2 Qa2#
0-1

[Event "USA-ch"]
[Site "Saint Louis"]
[Date "2010.05.17"]
[Round "4"]
[White "Kraai, Jesse"]
[Black "Benjamin, Joel"]
[Result "1-0"]
[WhiteElo "2492"]
[BlackElo "2565"]
[Annotator "Minzer,C"]
[PlyCount "80"]
[EventDate "2010.05.14"]
[EventType "swiss"]
[EventRounds "9"]
[EventCountry "USA"]
[SourceTitle "CBM 137"]
[Source "ChessBase"]
[SourceDate "2010.07.15"]
[SourceVersion "1"]
[SourceVersionDate "2010.07.15"]
[SourceQuality "1"]

{Partida del reciente Campeonato de Estados Unidos. Las blancas juegan una
interesante idea en la apertura basada en la captura en c6 pero en el séptimo
movimiento, idea que juega con frecuencia el GM Nikola Mitkov.} 1. Nf3 c5 2. e4
e6 3. d4 cxd4 4. Nxd4 Nc6 5. Nc3 Qc7 6. Be3 a6 7. Nxc6 {Diagrama # Las blancas
eligen un juego simple saliendo de las complicaciones que, por ejemplo,
podrían darse cuando intentan el Sistema Inglés con Ae3-Dd2, etc. La captura
en el séptimo movimiento es muy practicada por el GM Nikola Mitkov como
veremos más adelante.} bxc6 {También son posibles las dos otras capturas.} 8.
Bd3 d5 {En consecuencia las negras pueden luchar en mejor forma por el dominio
central.} ({También se juega} 8... Nf6 {postergando el avance central} 9. O-O
Be7 (9... d5 10. f4 {traspone a la partida principal}) (9... Bb4 10. Na4) 10.
Na4 Rb8 (10... d5 11. exd5 cxd5 12. c4 {temática ruptura} O-O 13. Rc1 {y las
blancas tienen la iniciativa, Mitkov,N-Castaner Halster,X /Sitges 1998}) 11. c4
d5 12. exd5 exd5 13. h3 {se amenazaba la invasión por g4} O-O 14. Rc1 Rd8 15.
Qf3 Be6 16. b3 d4 17. Bf4 Bd6 18. Bg5 Be7 19. Rfe1 Qa5 20. Bf4 Bd6 21. Bxd6
Rxd6 22. Qf4 Rdd8 23. Re5 $16 {y las blancas ya consiguieron ventaja
posicional, Mitkov,N-Svetushkin,D/Turin 2006}) 9. O-O Nf6 10. f4 Bb7 ({La
teoría menciona el avance} 10... c5 11. e5 ({puede probarse} 11. exd5 exd5 12.
Bf2 {jugando contra los peones colgantes}) 11... Nd7 12. Bf2 Bb7 13. Na4 (13.
Qg4 $5) 13... g5 14. f5 O-O-O {con posición compleja, Mueller,K-Movsesian,S/
Austria 2002} 15. b3 $5 {con idea de responder a} c4 {con} 16. Be2 exf5 17. Bd4
$1 {con buena compensación por el peón.}) 11. Kh1 $146 {Anteriormente las
blancas habían capaturado en el centro.} c5 12. e5 Nd7 ({O} 12... d4 13. exf6
dxc3 14. bxc3 (14. fxg7 Bxg7 15. b4 $5 cxb4 16. f5 $44) 14... gxf6 15. Qh5 {
etc.}) 13. f5 $1 {Diagrama # Las blancas abren el juego antes que el negro
termine el desarrollo y proteja su rey.} Nxe5 ({Es malo capturar con dama} 
13... Qxe5 $2 14. Bf4 Qf6 (14... Qd4 15. fxe6 fxe6 16. Qe2) 15. fxe6 fxe6 16.
Bc7 $18) 14. fxe6 fxe6 15. Bf4 Bd6 16. Bb5+ $1 {La clave del sacridicio del
peón pasa por este jaque.} Nd7 $2 (16... axb5 17. Nxb5 Qd7 18. Bxe5 ({peor} 18.
Nxd6+ Qxd6 19. Qh5+ g6 20. Bxe5 gxh5 21. Bxd6 $14 {y sin damas en el tablero
las negras tienen una más fácil defensa}) 18... Qxb5 19. Bxd6 $16 {con ventaja
blanca.}) ({La mejor respuesta del negro era} 16... Kd8 17. Ne4 $1 axb5 (17...
dxe4 $2 18. Bxe5) 18. Nxd6 Qxd6 19. Qh5 $44 {partida de alfiles de distinto
color donde el rey negro está más expuesto.}) 17. Bxd6 Qxd6 18. Ne4 $1 $18 {
De ahora en más Benjamin ya no tendrá más oportunidades de salvarse.} Qe7 ({
Tampoco salvaba la situación} 18... Qb6 19. Qh5+ Kd8 20. Qg5+ $1 Kc7 21. Qg3+
e5 22. Bxd7 dxe4 23. Rad1 Kb8 24. Qxg7 Ka7 25. Qxe5 {con gran ventaja.}) 19.
Qh5+ g6 (19... Kd8 20. Rf7 $18) 20. Qe5 {La amenaza sobre la torre permite a
Kraai mantener la iniciativa.} O-O-O 21. Nd6+ Kb8 22. Bxd7 Qxd7 23. Nf7+ {
Diagrama # Finalmente las blancas terminan ganando calidad.} Qc7 24. Qxc7+ Kxc7
25. Nxd8 Rxd8 26. Rf7+ Kb6 27. Re1 Rd6 28. Rxh7 d4 29. b3 Bd5 30. Rg7 Kb5 31.
Rxg6 {El peón h es más rápido que cualquier intento negro en el flanco rey.}
Kb4 32. h4 Rd7 33. h5 Rh7 34. h6 Kc3 35. Re2 c4 36. Rg3+ Kb4 ({O} 36... d3 37.
bxc4 Bxc4 38. cxd3) 37. Rh3 d3 38. cxd3 cxb3 39. axb3 a5 40. Kh2 Bxb3 {
Benjamin abandona, las blancas continuarían con el avance del peón g.} 1-0

[Event "EU-ch 18th"]
[Site "Minsk"]
[Date "2017.06.05"]
[Round "6"]
[White "Anton Guijarro, David"]
[Black "Bosiocic, Marin"]
[Result "1-0"]
[WhiteElo "2660"]
[BlackElo "2603"]
[Annotator "Moradiabadi,E"]
[PlyCount "49"]
[EventDate "2017.05.30"]
[EventType "swiss"]
[EventRounds "11"]
[EventCountry "BLR"]
[SourceTitle "CBM 179"]
[Source "ChessBase"]
[SourceDate "2017.07.12"]
[SourceVersion "1"]
[SourceVersionDate "2017.07.12"]
[SourceQuality "1"]

1. e4 c5 2. Nf3 e6 3. d4 cxd4 4. Nxd4 Nc6 5. Nc3 Qc7 6. Be3 a6 7. a3 {Not the
mainline but this move has been gaining in popularity in the past two years
thanks to the World Champion's victory over Indian super-GM Harikrishna. The
idea of this line is that White wants to play f4 while keeping the option of
castling on both sides. For the time being, White just avoids the Bb4 pin.} Nf6
(7... Be7 8. f4 b5 9. Nxc6 Qxc6 10. Bd3 Bb7 11. O-O Nf6 12. Kh1 d5 13. exd5
Nxd5 14. Be4 Qd7 15. Bxd5 Bxd5 16. Nxd5 Qxd5 17. Qxd5 exd5 {Harikrishna has
somehow forced this position upon Carlsen. The Indian is technically-savvy and
one might expect him to be able to hold this position. However, when you are
playing against the World Champion no one should set the bar too high!} 18. Bd4
f6 19. g3 Kf7 20. Kg2 Rhe8 21. Kf3 Rac8 22. Rf2 Bc5 23. Rd1 Re4 24. Bxc5 Rxc5
25. Rd3 b4 26. Rxd5 Rxd5 27. Kxe4 Rb5 28. a4 Ra5 29. b3 Rc5 30. c4 bxc3 31. Rc2
Ke6 32. Kd4 Rd5+ 33. Kxc3 Kf5 34. Kc4 Rd8 35. b4 Kg4 36. b5 axb5+ 37. axb5 h5
38. b6 Rc8+ 39. Kd3 Rb8 40. Rb2 h4 41. gxh4 Kxf4 42. b7 Ke5 43. h5 f5 {1-0 (43)
Carlsen,M (2851)-Harikrishna,P (2763) Stavanger 2016}) 8. f4 Nxd4 9. Bxd4 $5 {
The Spanish GM must have something up his sleeve here as Bosiocic had a
victory in the exact same position nine years ago!} (9. Qxd4 Ng4 10. Qb6 Bd6
11. Qxc7 Bxc7 12. Bd2 {is, in my humble opinion, a somewhat forced and
annoying endgame to deal with which could be another equally good option.} d6
13. Be2 Nf6 14. Bf3 Bd7 15. O-O-O Bc6 16. Rhe1 O-O-O 17. Be3 Rhg8 18. Bd4 d5
19. e5 Nd7 20. h4 Rde8 21. Bg4 b5 22. Nb1 f5 23. Be2 g6 24. g4 h6 25. gxf5 gxf5
26. Rg1 Bd8 27. Bf2 Be7 28. b4 d4 29. Nd2 Nb6 30. Bh5 Rxg1 31. Rxg1 Rh8 32. Nb3
Nd5 33. Nxd4 Bd7 34. Ne2 a5 35. c3 Kc7 36. Bf3 Bc6 37. Rg7 Kd8 38. Nd4 Bd7 39.
Bxd5 exd5 40. e6 Be8 41. Nxf5 Bf6 42. Rb7 {1-0 (42) Motylev,A (2658)-Fier,A 
(2562) Fufeng 2017}) 9... d6 {Bosiocic did not go for the pawn nine years ago
either!} (9... Qxf4 10. g3 Qc7 11. e5 Ng8 (11... Nd5 12. Nxd5 exd5 13. Bg2 Bc5
14. Qg4 {looks awful.}) 12. Ne4 {is extremely annoying and practically
speaking it isn't worth giving White so much initiative at the cost of a pawn.}
) 10. Qf3 {Guijarro has some other aggressive ideas in mind.} (10. Be2 Be7 11.
Qd2 e5 12. Be3 b5 13. O-O Bb7 14. Bf3 O-O 15. Qf2 exf4 16. Bxf4 Nd7 17. Rad1
Ne5 18. Nd5 Bxd5 19. Rxd5 Rad8 20. Rfd1 Bf6 21. b3 Rfe8 22. Be3 Rd7 23. Qd2 Re6
24. Bf4 Rd8 25. Kh1 h6 26. Qf2 Rc8 27. R1d2 Bg5 28. g3 Qe7 29. Be2 Re8 30. a4
bxa4 31. bxa4 Qb7 32. h4 Bf6 33. Qg2 Qb4 34. a5 Nc4 35. Bxc4 Qxc4 36. Qe2 Qc8
37. Qg4 Qb7 38. Bxd6 Rxd6 39. Rxd6 Rxe4 40. Qxe4 Qxe4+ 41. Kh2 Be5 42. Rd8+ Kh7
43. Kh3 Qh1+ 44. Rh2 Qf1+ 45. Rg2 Qf5+ 46. Kh2 Qf6 47. Rd3 Qxh4+ 48. Kg1 Bd4+ {
0-1 (48) Srebrnic,M (2313) -Bosiocic,M (2540) Trieste 2008}) 10... Bd7 (10...
e5 11. fxe5 dxe5 12. Qg3 {loses a pawn.}) (10... b5 {This either works or
Bosiocic needs to have a good thinks about his repertoire. The one beautiful
game in this line is played by the one and only master of sacrifices 8th world
champion Mikhail Tal!} 11. O-O-O Bb7 12. Bd3 Rc8 13. Rhe1 Qa5 14. Qe3 Nd7 15.
Nd5 {Of course!} Qd8 16. Qg3 h5 17. c3 h4 18. Qg4 Nf6 19. Nxf6+ gxf6 20. Kb1
Be7 21. e5 Kf8 22. Be2 dxe5 23. Bxe5 Bd5 24. Bd4 f5 25. Qg7+ {1-0 (25) Tal,
M-Gufeld,E Tbilisi 1969}) 11. O-O-O {After some thought, White decides that
his attack is more dangerous and faster than worrying about the weakness of
the a3 pawn.} Bc6 $2 {I don't like this move, and it just looks like a total
waste of time.} (11... Rc8 {and} 12. e5 {is not possible due to} Nd5) 12. Bxf6
gxf6 13. f5 {White's attack just looks too fast and furious!} h5 14. Bc4 Bd7 {
A confession to a mistake!} 15. fxe6 fxe6 16. Qxf6 Rh6 17. Qg5 Qc5 $2 {A
blunder in an almost losing position.} (17... Qxc4 18. Rhf1 Rh8 19. Qg6+ Kd8
20. Qf6+ {would have lost anyway.}) 18. Bd5 $1 {This move seals the deal!} Rh8
19. Qg6+ Ke7 20. Kb1 $1 {A strong prophylactic move. There is no rush! Black
is completely lost!} Qe3 21. Bxe6 Bxe6 22. Nd5+ Bxd5 23. exd5 Rh6 24. Qg8 Kd7
25. Rde1 {And mate will follow soon!} 1-0